000
00330nam a2200133Ia 4500
005
20251222143240.0
008
251222s9999||||xx |||||||||||||| ||spa||
020
_a
85-366-0441-7
082
_a
868.909/P43
100
_a
Pereira, Helena Bonito Couto
245
0
_a
Intermediacoes Literarias:
264
_b
Scortecci
942
_c
LIB
999
_c
14524
_d
14524